000 00509nam a2200169Ia 4500
008 181130s2018 xx 000 0 und d
100 _aNawsagaray, Nitish
245 _aMisuse of the prevention of atrocities act:
_bscrutinising the Mahajan judgment, 2018
260 _c2018
300 _ap.36-42.
504 _d2-Jun
650 _aAtrocities
650 _aAtrocities - Law and legislation
650 _aPrevention of Atrocities Act
773 _aEconomic and Political Weekly
906 _aAtrocities
999 _c506384
_d506384